<?xml version="1.0" encoding="UTF-8"?>
<collection xmlns="http://www.loc.gov/MARC21/slim">
  <record>
    <leader>00000nam  2200000   4500</leader>
    <controlfield tag="001">INLIS000000000018365</controlfield>
    <controlfield tag="005">20241108094624</controlfield>
    <datafield tag="035" ind1="#" ind2="#">
      <subfield code="a">0010-1124000031</subfield>
    </datafield>
    <controlfield tag="007">ta</controlfield>
    <controlfield tag="008">241108################g##########0#eng##</controlfield>
    <datafield tag="020" ind1="#" ind2="#">
      <subfield code="a">0 521 27737 X</subfield>
    </datafield>
    <datafield tag="082" ind1="#" ind2="#">
      <subfield code="a">428.24</subfield>
    </datafield>
    <datafield tag="084" ind1="#" ind2="#">
      <subfield code="a">428.24 WRI g</subfield>
    </datafield>
    <datafield tag="100" ind1=" " ind2="#">
      <subfield code="a">Wright, Andrew</subfield>
    </datafield>
    <datafield tag="245" ind1="1" ind2="#">
      <subfield code="a">Games for Language Learning /</subfield>
      <subfield code="c">Andrew Wright, David Betteridge, Michael Buckby</subfield>
    </datafield>
    <datafield tag="260" ind1="#" ind2="#">
      <subfield code="a">Cambridge :</subfield>
      <subfield code="b">Cambridge University Press,</subfield>
      <subfield code="c">1987</subfield>
    </datafield>
    <datafield tag="300" ind1="#" ind2="#">
      <subfield code="a">212 halaman :</subfield>
      <subfield code="b">ilus ;</subfield>
      <subfield code="c">22,5 cm</subfield>
    </datafield>
    <datafield tag="650" ind1="#" ind2="4">
      <subfield code="a">Language Learning</subfield>
    </datafield>
    <datafield tag="700" ind1=" " ind2="#">
      <subfield code="a">David Betteridge, Michael Buckby</subfield>
    </datafield>
    <datafield tag="520" ind1="#" ind2="#">
      <subfield code="a">Games provide meaningful and enjoyable language practice at all levels and for all age groups. They can be used to practise any of the skills - speaking, listening, reading and writing - at any stage of the learning process, from controlled repetition through guided practice to free expression. To enable teachers to select the activities most suitable for their needs, precise information is provided, both at the beginning of each game and in the summary chart, about the language content, the skills to be practised, the level, the degree of teacher-control, and the time and materials required. Clear advice is given on preparation and classroom procedure, with many illustrations and examples. There is a comprehensive index.</subfield>
    </datafield>
    <datafield tag="990" ind1="#" ind2="#">
      <subfield code="a">05049376</subfield>
    </datafield>
  </record>
</collection>
